000 00713nam a2200217 a 4500
005 20240228064128.0
008 140402s2006 es r 000 0 spa d
020 _a8498011507
035 _aUPN01000196803
049 _aI
050 4 _aQC495.5
_bB7.8
100 1 _aBrunhoff, Laurent de,
_d1925-
_936389
245 1 0 _aAprende los colores con Barbar /
_cLaurent de Brunhoff ; tr. Remedios Diéguez Diéguez.
260 _aBarcelona [Esp.] :
_bBlume,
_cc2006.
300 _a[30] p. :
_bprincipalmente il. col.
534 _pTitulo original:
_tBabar's book of color
650 2 _aColores
_vLiteratura infantil
_921262
650 4 _aLibros y lectura para niños
_92290
905 _aInfantil
999 _c168904
_d168904